Costa maya /

Guía turística audiovisual que presenta puntos de interés arqueológicos y ecológicos localizados en el estado mexicano de Quintana Roo. Es una versión reducida, correspondiente a poco más de la mitad del contenido, del programa titulado Azul maya: un viaje por el Caribe mexicano. Trabajo correspondi...

وصف كامل

محفوظ في:
التفاصيل البيبلوغرافية
مؤلفون آخرون: Infante, Gonzalo (dir.) القائد, González, Juan José (realización) (realización), Infante, Gonzalo (guión) (guión), Rocha, Claudio (fotógrafo) (fotógrafo), Gajá, Servando (fotógrafo) (fotógrafo), Lee, Alberto (fotógrafo) (fotógrafo), González, Juan José (montaje) (montaje), Gómez Sáenz, Pablo (montaje) (montaje), García, Isidoro (montaje) (montaje), Carver, Vincent (conducción) (conducción)
التنسيق: شريحة
اللغة:الإسبانية
منشور في: México : C/Producciones, 2002, c2002
México : C/Producciones [distribución], copyright fecha no identificada
سلاسل:(Ciudades del México Antiguo)
الموضوعات:
الوسوم: إضافة وسم
لا توجد وسوم, كن أول من يضع وسما على هذه التسجيلة!

MARC

LEADER 00000ngm^a2200000^a^4500
001 000187035
005 20250521000000.0
009 20260310102247.502
037 |a Acervo ITESO - Biblioteca 
041 |a ESP 
082 |a 917. 204  |b INF 
100 |a Infante, Gonzalo  |e (dir.) 
240 1 1 |a [Azul maya: un viaje por el Caribe mexicano] 
245 1 0 |a Costa maya /  |c Dir. de G. Infante ; realización de J.J. González. 
264 4 |a México :  |b C/Producciones,  |c 2002, c2002 
264 4 |a México :  |b C/Producciones [distribución],  |c copyright fecha no identificada 
300 |a 1 DVD sin dato de región  |c (49 min.) 
336 |a imagen móvil bidimensional  |b tdi  |2 rdacontenido 
337 |a video  |b v  |2 rdamedio 
338 |a videodisco  |b vd  |2 rdasoporte 
440 1 |a (Ciudades del México Antiguo) 
520 |a Guía turística audiovisual que presenta puntos de interés arqueológicos y ecológicos localizados en el estado mexicano de Quintana Roo. Es una versión reducida, correspondiente a poco más de la mitad del contenido, del programa titulado Azul maya: un viaje por el Caribe mexicano. Trabajo correspondiente a una segunda etapa de la serie Ciudades del México antiguo, cuando su producción ya fue asumida completamente por la compañía C/Producciones, sin la participación de entidades estatales. Esta presentación en DVD integra en su diseño un menú de modo que el usuario pueda seleccionar específicamente el punto de interés turístico que desea visitar. 
546 |a Doblaje opcional: inglés 
649 |a XX 
650 |a Guías Turísticas 
650 |a Quintana Roo -  |x Descripción -  |x Guías Turísticas 
650 |a México -  |x Descripción -  |x Guías Turísticas 
650 |a Arte Maya -  |z Quintana Roo -  |x Historia y Crítica 
650 |a Arte Maya -  |z México -  |x Historia y Crítica 
650 |a Arte Maya -  |x Historia y Crítica 
650 |a Arte Prehispánico -  |z Quintana Roo -  |x Historia y Crítica 
650 |a Arte Prehispánico -  |z México -  |x Historia y Crítica 
650 |a Arte Prehispánico -  |x Historia y Crítica 
650 |a Arte Mexicano -  |x Historia y Crítica 
650 |a Reservas Ecológicas -  |z Quintana Roo 
650 |a Reservas Ecológicas -  |z México 
650 |a Turismo Cultural -  |z Quintana Roo 
650 |a Turismo Cultural -  |z México 
650 |a Ecoturismo -  |z Quintana Roo 
650 |a Ecoturismo -  |z México 
650 |a Turismo de Sol y Playa -  |z Quintana Roo 
650 |a Turismo de Sol y Playa -  |z México 
650 |a Turismo -  |z Quintana Roo 
650 |a Turismo -  |z México 
700 |a González, Juan José  |e (realización) 
700 |a Infante, Gonzalo  |e (guión) 
700 |a Rocha, Claudio  |e (fotógrafo) 
700 |a Gajá, Servando  |e (fotógrafo) 
700 |a Lee, Alberto  |e (fotógrafo) 
700 |a González, Juan José  |e (montaje) 
700 |a Gómez Sáenz, Pablo  |e (montaje) 
700 |a García, Isidoro  |e (montaje) 
700 |a Carver, Vincent  |e (conducción) 
910 |a Fondo General 
920 |a Audiovisuales - DVDs 
905 |a 302 
901 |a 0500088737  |b IT2  |c DVS  |u 20250521 
902 |a https://opac.biblio.iteso.mx/vufind/Record/000187035